|
|
|
|
| LEADER |
00000naa2a2200000 4500 |
| 001 |
634152 |
| 005 |
20231101133810.0 |
| 035 |
|
|
|a (RuTPU)RU\TPU\conf\35937
|
| 035 |
|
|
|a RU\TPU\conf\35934
|
| 090 |
|
|
|a 634152
|
| 100 |
|
|
|a 20220411d2021 k y0rusy50 ca
|
| 101 |
0 |
|
|a rus
|
| 102 |
|
|
|a RU
|
| 105 |
|
|
|a y z 101zy
|
| 135 |
|
|
|a drgn ---uucaa
|
| 181 |
|
0 |
|a i
|
| 182 |
|
0 |
|a b
|
| 200 |
1 |
|
|a Влияние реберной структуры на интенсификацию свободно-конвективного теплопереноса в замкнутой квадратной полости
|f Суан Хоанг Кхоа Лэ
|g науч. рук. М. А. Шеремет
|
| 203 |
|
|
|a Текст
|c электронный
|
| 225 |
1 |
|
|a Теплофизические основы энергетических технологий
|
| 230 |
|
|
|a 1 компьютерный файл (pdf; 369 Kb)
|
| 300 |
|
|
|a Заглавие с экрана
|
| 320 |
|
|
|a [Библиогр.: с. 149 (4 назв.)]
|
| 463 |
|
0 |
|0 (RuTPU)RU\TPU\conf\35907
|t Бутаковские чтения
|o материалы I Всероссийской с международным участием молодежной конференции, 15-16 декабря 2021 г., Томск
|f Национальный исследовательский Томский политехнический университет, Инженерная школа энергетики ; ред. кол. В. Е. Губин, Л. В. Савостьянова, А. О. Жданова [и др.]
|v [С. 146-149]
|d 2021
|
| 610 |
1 |
|
|a электронный ресурс
|
| 610 |
1 |
|
|a труды учёных ТПУ
|
| 610 |
1 |
|
|a интенсификация
|
| 610 |
1 |
|
|a теплоперенос
|
| 610 |
1 |
|
|a теплообмен
|
| 610 |
1 |
|
|a конвекция
|
| 610 |
1 |
|
|a замкнутые области
|
| 610 |
1 |
|
|a метод конечных разностей
|
| 610 |
1 |
|
|a реберные структуры
|
| 700 |
|
0 |
|a Суан Хоанг Кхоа Лэ
|
| 702 |
|
1 |
|a Шеремет
|b М. А.
|c физик
|c профессор Томского политехнического университета, доктор физико-математических наук
|f 1983-
|g Михаил Александрович
|2 stltpush
|4 727
|
| 712 |
0 |
2 |
|a Национальный исследовательский Томский политехнический университет
|b Инженерная школа энергетики
|b Научно-образовательный центр И. Н. Бутакова (НОЦ И. Н. Бутакова)
|h 8025
|2 stltpush
|3 (RuTPU)RU\TPU\col\23504
|
| 801 |
|
2 |
|a RU
|b 63413507
|c 20220415
|g RCR
|
| 856 |
4 |
|
|u http://earchive.tpu.ru/handle/11683/70568
|
| 942 |
|
|
|c BK
|